LIBRARY & INFORMATION CENTRE, KCAET, TAVANUR

ONLINE PUBLIC ACCESS CATALOGUE (OPAC)

Post harvest technology and management (Record no. 14870)

MARC details
000 -LEADER
fixed length control field 00268nam a22001097a 4500
020 ## - INTERNATIONAL STANDARD BOOK NUMBER
ISBN 9788127257521
082 ## - DEWEY DECIMAL CLASSIFICATION NUMBER
Classification number 631.56
Item number PAN/PO
100 ## - MAIN ENTRY--AUTHOR NAME
Personal name Pandey, P.H
245 ## - TITLE STATEMENT
Title Post harvest technology and management
260 ## - PUBLICATION, DISTRIBUTION, ETC. (IMPRINT)
Place of publication Ludhiana
Name of publisher Kalyani Publishers
942 ## - ADDED ENTRY ELEMENTS (KOHA)
Koha item type Books
Holdings
Withdrawn status Lost status Damaged status Collection code Home library Current library Shelving location Date acquired Source of acquisition Cost, normal purchase price Full call number Accession Number Koha item type
        KAUAET KAUAET General Stacks 30/03/2017 Vigyan Books, Delhi 250.00 631.56 PAN/PO 25344 Books
free website counter